Ermitáž

Bibliographic Details
Main Author: Nemilova, Inna Sergejevna (Author, Compiler)
Other Authors: Krišková, Elena, 1927- (Translator), Piotrovskij, Boris Borisovič ([ADC])
Format: Book
Language:Slovak
PhysicalDescription:216 s., 22,27 AH 30 cm
Published: Bratislava Tatran 1983
Edition:1. vyd.
Series:Zozn. reprod. Sadzba: Polygrafické závody, Bratislava.

MARC

LEADER 00000nam a2200000 a 4500
001 vtls001118159
003 SK-MaSNL
005 20260301231249.0
008 250414s1983 xo 0 slo
015 |a SNBA1984/04 
035 |a SNK000061002 
040 |a SNK  |b slo  |c SNK  |e AACR2 
041 0 |a slo 
044 |a xo  |c SK 
080 |a 75(4)"14/19"  |2 1981 
100 1 |a Nemilova, Inna Sergejevna  |4 aut  |9 477195 
245 1 0 |a Ermitáž  |c Inna Sergejevna Nemilova ; Inna Sergejevna Nemilova, Elena Krišková, Boris Borisovič Piotrovskij 
250 |a 1. vyd. 
260 |a Bratislava  |b Tatran  |c 1983 
300 |a 216 s., 22,27 AH  |c 30 cm 
366 |e 8000 výtl. 
490 0 |a Zozn. reprod. Sadzba: Polygrafické závody, Bratislava. 
500 |a Spoluvyd. Izobraziteľnoje iskusstvo, Moskva. Tlač. USSR. 
700 1 |a Nemilova, Inna Sergejevna  |4 com  |9 477195 
700 1 |a Krišková, Elena,  |d 1927-  |4 trl  |9 108077 
700 1 |a Piotrovskij, Boris Borisovič  |4 [ADC]  |9 287247 
852 |a Slovenská národná knižnica 
954 |a maliarstvo európske  |a Ermitáž, Leningrad 
958 |a TL 
958 |a OP 
958 |a OND 
999 |c 957821  |d 959751 
952 |a SNK  |b SNK  |y PREZ  |7 0  |p 17A0791469  |o snkSB 37486  |0 0  |1 0  |4 0  |d 2012-04-24  |f 1  |l 0  |r 2025-04-16 00:00:00  |w 2026-02-24 
952 |t P60, <04>, [BOOK], {604}  |a SNK  |b SNK  |y VYP  |7 0  |p 17A0209054  |o snkSB 37486 D1  |0 0  |1 0  |4 0  |d 1999-09-03  |l 0  |r 2004-12-31 00:00:00  |w 2026-02-24